[Event "Canadian-ch op"]
[Site "Hamilton"]
[Date "2022.07.13"]
[Round "1"]
[White "Sambuev, Bator"]
[Black "Fradkin, Benjamin"]
[Result "1-0"]
[WhiteElo "2484"]
[BlackElo "1882"]
[PlyCount "61"]
[EventDate "2022.07.12"]
[EventType "swiss"]
[EventRounds "9"]
[EventCountry "CAN"]
[SourceTitle "CBM 209 Extra"]
[Source "ChessBase"]
[SourceDate "2022.09.30"]
[SourceVersion "1"]
[SourceVersionDate "2022.09.30"]
[SourceQuality "1"]

1. d4 c6 2. c4 d5 3. Nf3 Nf6 4. e3 Bf5 5. Nc3 e6 6. Nh4 Be4 7. Qb3 Qb6 8. cxd5 exd5 9. Qxb6 axb6 10. f3 Bg6 11. g4 b5 12. Nf5 Bxf5 13. gxf5 b4 14. Ne2 Bd6 15. Bg2 0-0 16. e4 b3 17. a3 Bb4+ 18. Kf2 dxe4 19. fxe4 Re8 20. e5 Nd5 21. Bxd5 cxd5 22. Be3 Be7 23. Rag1 Kh8 24. Nf4 Nc6 25. Rg4 Ra4 26. Rhg1 Nxe5 27. dxe5 d4 28. Bd2 Bc5 29. Nd3 Bf8 30. Rc1 Raa8 31. Rxd4 1-0

[Event "Canadian op"]
[Site "Sault Ste Marie"]
[Date "2017.07.10"]
[Round "3"]
[White "Fradkin, Benjamin"]
[Black "Henry, Liam"]
[Result "0-1"]
[WhiteElo "1868"]
[BlackElo "2082"]
[PlyCount "58"]
[EventDate "2017.07.08"]
[EventType "swiss"]
[EventRounds "9"]
[EventCountry "CAN"]
[SourceTitle "EXT 2018"]
[Source "ChessBase"]
[SourceDate "2017.10.13"]
[SourceVersion "1"]
[SourceVersionDate "2017.10.13"]
[SourceQuality "1"]

1. d4 Nf6 2. Bf4 g6 3. Nf3 Bg7 4. h3 0-0 5. e3 d6 6. Be2 Nfd7 7. 0-0 e5 8. Bh2 Nc6 9. d5 Ne7 10. c4 h6 11. Nc3 f5 12. Rc1 g5 13. b4 Ng6 14. Ne1 Rf7 15. c5 Nf6 16. Qc2 Bf8 17. Nd3 Rg7 18. Rfd1 g4 19. cxd6 cxd6 20. h4 Nxh4 21. Nxe5 dxe5 22. Bxe5 Nf3+ 23. Bxf3 gxf3 24. g3 Bd6 25. Bxd6 Qxd6 26. Nb5 Rxg3+ 27. fxg3 Qxg3+ 28. Kh1 Ng4 29. d6 f2 0-1

[Event "Canadian op"]
[Site "Windsor"]
[Date "2016.07.15"]
[Round "6"]
[White "Sivapathasundaram, Manojh"]
[Black "Fradkin, Benjamin"]
[Result "1/2-1/2"]
[WhiteElo "1559"]
[BlackElo "1956"]
[PlyCount "104"]
[EventDate "2016.07.10"]
[EventType "swiss"]
[EventRounds "9"]
[EventCountry "CAN"]
[SourceTitle "EXT 2017"]
[Source "ChessBase"]
[SourceDate "2016.10.25"]
[SourceVersion "1"]
[SourceVersionDate "2016.10.25"]
[SourceQuality "1"]

1. d4 c6 2. c4 d5 3. Nc3 Nf6 4. Nf3 Bf5 5. cxd5 cxd5 6. Qb3 Qb6 7. Nxd5 Nxd5 8. Qxd5 e6 9. Qb3 Qxb3 10. axb3 Bb4+ 11. Bd2 Nc6 12. e3 0-0 13. Bb5 Bd6 14. 0-0 h6 15. Rfc1 Nb4 16. Bxb4 Bxb4 17. Rc7 Be4 18. Ra4 a5 19. Ra1 Bd5 20. Ba4 Rab8 21. Bb5 Rfd8 22. Ne5 Rbc8 23. Rac1 Rxc7 24. Rxc7 Bd6 25. Rc3 Bxe5 26. dxe5 Be4 27. f3 Bg6 28. Rc7 Rd1+ 29. Kf2 Rd2+ 30. Kg3 Rxb2 31. Ba4 b5 32. Bxb5 Rxb3 33. Ba4 Ra3 34. Rc4 Bd3 35. Rd4 g5 36. h4 Kg7 37. hxg5 hxg5 38. Kg4 Bf5+ 39. Kxg5 Rxe3 40. Kf4 Ra3 41. Be8 Rd3 42. Rxd3 Bxd3 43. Ba4 Bf1 44. g4 Bc4 45. Ke3 Kg6 46. f4 Bd5 47. Bc2+ Kh6 48. f5 Kg5 49. fxe6 Bxe6 50. Kd2 Kf4 51. Bh7 Kxe5 52. Bg8 Kf4 1/2-1/2

[Event "Canadian op"]
[Site "Windsor"]
[Date "2016.07.13"]
[Round "4"]
[White "Barron, Michael"]
[Black "Fradkin, Benjamin"]
[Result "1-0"]
[WhiteElo "2211"]
[BlackElo "1956"]
[PlyCount "85"]
[EventDate "2016.07.10"]
[EventType "swiss"]
[EventRounds "9"]
[EventCountry "CAN"]
[SourceTitle "EXT 2017"]
[Source "ChessBase"]
[SourceDate "2016.10.25"]
[SourceVersion "1"]
[SourceVersionDate "2016.10.25"]
[SourceQuality "1"]

1. e4 c6 2. d4 d5 3. Nd2 dxe4 4. Nxe4 Bf5 5. Ng3 Bg6 6. h4 h6 7. Nf3 Nd7 8. h5 Bh7 9. Bd3 Bxd3 10. Qxd3 e6 11. Bd2 Ngf6 12. 0-0-0 Qb6 13. Ne5 Nxe5 14. dxe5 Nd5 15. c4 Qa6 16. Be3 Qxa2 17. cxd5 cxd5 18. Qb5+ Kd8 19. Kd2 Qa6 20. Qxa6 bxa6 21. Ra1 a5 22. Bd4 Bb4+ 23. Bc3 Kd7 24. Bxb4 axb4 25. Rhc1 a5 26. b3 Rhc8 27. Ne2 f6 28. f4 fxe5 29. fxe5 Rf8 30. Rf1 Ke7 31. Nd4 Rxf1 32. Rxf1 a4 33. Ra1 Rf8 34. Rxa4 Rf2+ 35. Ke3 Rxg2 36. Rxb4 Rg5 37. Kf4 Rxh5 38. Rb7+ Ke8 39. Nxe6 Rh1 40. Nxg7+ Kd8 41. e6 Re1 42. Rd7+ Kc8 43. Rxd5 1-0

[Event "Canadian op"]
[Site "Windsor"]
[Date "2016.07.10"]
[Round "1"]
[White "Fradkin, Benjamin"]
[Black "Ivanov, Mike"]
[Result "0-1"]
[WhiteElo "1956"]
[BlackElo "2260"]
[PlyCount "50"]
[EventDate "2016.07.10"]
[EventType "swiss"]
[EventRounds "9"]
[EventCountry "CAN"]
[SourceTitle "EXT 2017"]
[Source "ChessBase"]
[SourceDate "2016.10.25"]
[SourceVersion "1"]
[SourceVersionDate "2016.10.25"]
[SourceQuality "1"]

1. d4 Nf6 2. Nf3 c5 3. c3 b6 4. g3 Bb7 5. Bg2 g6 6. Bf4 Bg7 7. 0-0 0-0 8. Na3 d6 9. Qc1 Re8 10. Rd1 Nbd7 11. Bh6 Bh8 12. Qg5 a6 13. Rac1 b5 14. Nc2 Qa5 15. a3 Rac8 16. Bh3 cxd4 17. Ncxd4 Qb6 18. Qh4 Rc4 19. b3 Rc5 20. Ng5 Re5 21. Qf4 Nc5 22. b4 Nce4 23. Ngf3 Rh5 24. Bg2 e5 25. Qe3 Bg7 0-1